Name the U.S. Presidents from Virginia - Statistics

General Stats
  • This quiz has been taken 366 times
  • The average score is 5 of 8
Answer Stats
President % Correct
George Washington
97%
Thomas Jefferson
92%
James Madison
84%
James Monroe
82%
John Tyler
53%
William Henry Harrison
49%
Zachary Taylor
46%
Woodrow Wilson
41%
No matching quizzes found
Score Distribution
Percent of People with Each Score
Percentile by Number Answered
Your Score History
You have not taken this quiz